|
|
|
|
| LEADER |
01883nam a2200409 i 4500 |
| 001 |
EBC4737119 |
| 003 |
MiAaPQ |
| 005 |
20200520144314.0 |
| 006 |
m o d | |
| 007 |
cr cnu|||||||| |
| 008 |
161206t20162016gw a ob 000 0 ger d |
| 020 |
|
|
|z 9783737602082
|
| 020 |
|
|
|a 9783737602099 (e-book)
|
| 035 |
|
|
|a (MiAaPQ)EBC4737119
|
| 035 |
|
|
|a (Au-PeEL)EBL4737119
|
| 035 |
|
|
|a (CaPaEBR)ebr11299472
|
| 035 |
|
|
|a (OCoLC)962304018
|
| 040 |
|
|
|a MiAaPQ
|b eng
|e rda
|e pn
|c MiAaPQ
|d MiAaPQ
|
| 050 |
|
4 |
|a TJ170
|b .G69 2016
|
| 082 |
0 |
|
|a 621.8
|2 23
|
| 100 |
1 |
|
|a Goy, Simon,
|e author.
|
| 245 |
1 |
0 |
|a Stand-by-Betrieb von Maschinen und Anlagen :
|b Entwicklung eines Stand-by-Managers zur energieeffizienten Produktionssteuerung /
|c Simon Goy.
|
| 264 |
|
1 |
|a Kassel, [Germany] :
|b Kassel University Press,
|c 2016.
|
| 264 |
|
4 |
|c 2016
|
| 300 |
|
|
|a 1 online resource (177 pages) :
|b illustrations (some color), graphs, tables.
|
| 336 |
|
|
|a text
|2 rdacontent
|
| 337 |
|
|
|a computer
|2 rdamedia
|
| 338 |
|
|
|a online resource
|2 rdacarrier
|
| 490 |
0 |
|
|a Produktion & Energie ;
|v Band 13
|
| 504 |
|
|
|a Includes bibliographical references.
|
| 588 |
|
|
|a Description based on online resource; title from PDF title page (Ebrary, viewed December 6, 2016).
|
| 590 |
|
|
|a Electronic reproduction. Ann Arbor, MI : ProQuest, 2016. Available via World Wide Web. Access may be limited to ProQuest affiliated libraries.
|
| 650 |
|
0 |
|a Machinery.
|
| 655 |
|
4 |
|a Electronic books.
|
| 776 |
0 |
8 |
|i Print version:
|a Goy, Simon.
|t Stand-by-Betrieb von Maschinen und Anlagen : Entwicklung eines Stand-by-Managers zur energieeffizienten Produktionssteuerung.
|d Kassel, [Germany] : Kassel University Press, c2016
|h xxix, 146 pages
|k Produktion & Energie ; Band 13
|z 9783737602082
|
| 797 |
2 |
|
|a ProQuest (Firm)
|
| 856 |
4 |
0 |
|u https://ebookcentral.proquest.com/lib/matrademy/detail.action?docID=4737119
|z Click to View
|